[Event "Vojvodina-chT"]
[Site "Kac"]
[Date "2016.11.20"]
[Round "9.6"]
[White "Ivanovic, Miroslav"]
[Black "Ilicin, Mladen"]
[Result "1-0"]
[WhiteElo "2067"]
[BlackElo "2051"]
[PlyCount "55"]
[EventDate "2016.11.15"]
[EventType "team-tourn"]
[EventRounds "11"]
[EventCountry "SRB"]
[SourceTitle "CBM 175 Extra"]
[Source "ChessBase"]
[SourceDate "2016.12.12"]
[SourceVersion "1"]
[SourceVersionDate "2016.12.12"]
[SourceQuality "1"]
[WhiteTeam "Sombor"]
[BlackTeam "Bilecanin"]
[WhiteTeamCountry "SRB"]
[BlackTeamCountry "SRB"]

1. e4 Nf6 2. e5 Nd5 3. d4 d6 4. c4 Nb6 5. f4 dxe5 6. fxe5 c5 7. d5 e6 8. Nc3 exd5 9. cxd5 c4 10. Nf3 Bb4 11. Bxc4 0-0 12. Bb3 a5 13. a3 Bc5 14. Ne4 a4 15. Ba2 Qc7 16. Bg5 Bf5 17. Nxc5 Qxc5 18. Qd4 Qb5 19. Be3 Ra6 20. Rc1 Rc8 21. Kf2 Rd8 22. Rc5 Qe8 23. Qf4 Bg6 24. Rd1 N6d7 25. Rc7 Ra5 26. Rxb7 Nc5 27. Bxc5 Rxc5 28. Rd2 1-0

[Event "Vojvodina-chT"]
[Site "Kac"]
[Date "2016.11.19"]
[Round "6.6"]
[White "Marinovic, Bozidar"]
[Black "Ivanovic, Miroslav"]
[Result "1-0"]
[WhiteElo "2375"]
[BlackElo "2067"]
[PlyCount "119"]
[EventDate "2016.11.15"]
[EventType "team-tourn"]
[EventRounds "11"]
[EventCountry "SRB"]
[SourceTitle "CBM 175 Extra"]
[Source "ChessBase"]
[SourceDate "2016.12.12"]
[SourceVersion "1"]
[SourceVersionDate "2016.12.12"]
[SourceQuality "1"]
[WhiteTeam "Omladinac"]
[BlackTeam "Sombor"]
[WhiteTeamCountry "SRB"]
[BlackTeamCountry "SRB"]

1. e4 e5 2. Nf3 Nc6 3. Nc3 Nf6 4. Bb5 Nd4 5. Ba4 Bc5 6. Nxe5 0-0 7. Nd3 Bb6 8. e5 Ne8 9. Nd5 d6 10. Ne3 c6 11. c3 Nf5 12. Bc2 Bc7 13. exd6 Nexd6 14. 0-0 Ne4 15. Ne1 Qd6 16. f4 Re8 17. Nxf5 Bxf5 18. d4 Qg6 19. Nf3 Bg4 20. Qd3 Bxf3 21. Qxf3 f5 22. Be3 Re7 23. Rad1 Rae8 24. Rfe1 h5 25. Kf1 Qg4 26. Qxg4 fxg4 27. Bg1 g5 28. fxg5 Bxh2 29. Rxe4 Rxe4 30. Bxe4 Rxe4 31. Re1 Rxe1+ 32. Kxe1 Bg3+ 33. Ke2 Kg7 34. Ke3 Kg6 35. Ke4 Bh4 36. Bh2 Bxg5 37. g3 h4 38. gxh4 Bxh4 39. c4 Bf6 40. b3 Bg5 41. Bg3 Bd8 42. d5 cxd5+ 43. cxd5 Bb6 44. Bb8 Kf6 45. Kf4 Ke7 46. Kxg4 Bc5 47. Be5 a5 48. a4 Kd7 49. Kf5 Bb4 50. Ke4 b6 51. Bd4 Kc7 52. Kd3 Bd6 53. Ke4 Kb7 54. Kf5 Ka6 55. Ke6 Bb4 56. Bf6 b5 57. Be7 bxa4 58. bxa4 Kb7 59. Bd6 Kb6 60. Bxb4 1-0

[Event "Vojvodina-chT"]
[Site "Kac"]
[Date "2016.11.16"]
[Round "2.6"]
[White "Ivanovic, Miroslav"]
[Black "Stankovic, Milos M"]
[Result "1/2-1/2"]
[WhiteElo "2067"]
[BlackElo "1816"]
[PlyCount "32"]
[EventDate "2016.11.15"]
[EventType "team-tourn"]
[EventRounds "11"]
[EventCountry "SRB"]
[SourceTitle "CBM 175 Extra"]
[Source "ChessBase"]
[SourceDate "2016.12.12"]
[SourceVersion "1"]
[SourceVersionDate "2016.12.12"]
[SourceQuality "1"]
[WhiteTeam "Sombor"]
[BlackTeam "Banovci Dunav"]
[WhiteTeamCountry "SRB"]
[BlackTeamCountry "SRB"]

1. Nf3 Nf6 2. g3 g6 3. b3 Bg7 4. Bb2 d6 5. d4 0-0 6. Bg2 Nbd7 7. Nbd2 c5 8. dxc5 Nxc5 9. 0-0 Bd7 10. Nc4 Rc8 11. Nd4 b5 12. Ne3 a5 13. c4 b4 14. a3 Qb6 15. a4 Rfd8 16. Rb1 Be6 1/2-1/2

[Event "Belgrade Jezero op"]
[Site "Belgrade"]
[Date "2015.08.13"]
[Round "6"]
[White "Ivanovic, Miroslav"]
[Black "Svicevic, Rastko"]
[Result "0-1"]
[WhiteElo "2104"]
[BlackElo "2296"]
[PlyCount "74"]
[EventDate "2015.08.08"]
[EventType "swiss"]
[EventRounds "9"]
[EventCountry "SRB"]
[SourceTitle "EXT 2016"]
[Source "ChessBase"]
[SourceDate "2015.10.08"]
[SourceVersion "1"]
[SourceVersionDate "2015.10.08"]
[SourceQuality "1"]

1. e4 c5 2. Nc3 Nc6 3. Bb5 g6 4. f4 Bg7 5. Nf3 Nd4 6. a4 Qa5 7. Bc4 a6 8. Ra2 d6 9. 0-0 e6 10. d3 Ne7 11. Bd2 0-0 12. Nxd4 cxd4 13. Nd5 Qd8 14. Nxe7+ Qxe7 15. Bb4 Qc7 16. Qe1 Bd7 17. Bb3 Kh8 18. Ra1 f5 19. Kh1 a5 20. Bd2 b6 21. c3 Rac8 22. cxd4 Bxd4 23. Rc1 Qb7 24. Bc3 Bxc3 25. Rxc3 b5 26. exf5 gxf5 27. Qe3 Rg8 28. Rf3 bxa4 29. Qd4+ Rg7 30. Rg3 e5 31. fxe5 Rxc3 32. bxc3 Qxb3 33. h3 Qe6 34. Re3 a3 35. exd6 a2 36. Rxe6 a1Q+ 37. Kh2 Bxe6 0-1

[Event "Vojvodina-chT"]
[Site "Kac"]
[Date "2014.11.09"]
[Round "3.2"]
[White "Tomic, Vjekoslav"]
[Black "Ivanovic, Miroslav"]
[Result "1/2-1/2"]
[WhiteElo "2237"]
[BlackElo "2126"]
[PlyCount "131"]
[EventDate "2014.11.08"]
[EventType "team-tourn"]
[EventRounds "11"]
[EventCountry "SRB"]
[SourceTitle "EXT 2017"]
[Source "ChessBase"]
[SourceDate "2016.10.25"]
[SourceVersion "1"]
[SourceVersionDate "2016.10.25"]
[SourceQuality "1"]

1. e4 c5 2. Nf3 d6 3. c3 Nf6 4. h3 g6 5. Bd3 Bg7 6. 0-0 0-0 7. Re1 e5 8. Bc2 b6 9. d4 Nbd7 10. dxe5 Nxe5 11. Bf4 Nh5 12. Bh2 Qf6 13. Nbd2 Bh6 14. Nxe5 dxe5 15. Nf3 Bf4 16. Qe2 Be6 17. Bb3 Bxh2+ 18. Kxh2 Nf4 19. Qe3 Rad8 20. Rad1 Bxb3 21. axb3 Qe6 22. Rd2 Rd6 23. Rxd6 Qxd6 24. g3 Ne6 25. Re2 f6 26. Rd2 Qc7 27. Qd3 Rd8 28. Qc4 Rd6 29. Kg2 Kf8 30. h4 Rxd2 31. Nxd2 Qd7 32. Nf1 b5 33. Qe2 Qc6 34. f3 a6 35. Ne3 Nc7 36. Qd2 Ke7 37. Ng4 h5 38. Nf2 Qd7 39. Qh6 Qe8 40. Nd1 Qg8 41. Ne3 Qxb3 42. Qxg6 Qxb2+ 43. Kh3 Qb3 44. Nf5+ Kd7 45. Qg7+ Kc6 46. g4 hxg4+ 47. Kxg4 b4 48. cxb4 cxb4 49. Qe7 Qg8+ 50. Kh3 b3 51. Qd6+ Kb7 52. Qb4+ Ka8 53. Nd6 Nb5 54. Nxb5 Qc8+ 55. Kg3 Qg8+ 56. Kh2 axb5 57. Qxb5 Qf7 58. Qa4+ Kb8 59. Qb4+ Ka8 60. Qa3+ Kb8 61. Kg3 Qg7+ 62. Kh2 Qb7 63. Qf8+ Ka7 64. Qa3+ Kb8 65. Qf8+ Ka7 66. Qa3+ 1/2-1/2

[Event "Marianske Lazne op 13th"]
[Site "Marianske Lazne"]
[Date "2014.01.23"]
[Round "7"]
[White "Ivanovic, Miroslav"]
[Black "Peterson, Eric"]
[Result "1/2-1/2"]
[WhiteElo "2113"]
[BlackElo "2229"]
[PlyCount "153"]
[EventDate "2014.01.18"]
[EventType "swiss"]
[EventRounds "9"]
[EventCountry "CZE"]
[SourceTitle "CBM 158 Extra"]
[Source "ChessBase"]
[SourceDate "2014.02.28"]
[SourceVersion "1"]
[SourceVersionDate "2014.02.28"]
[SourceQuality "1"]

1. Nf3 d5 2. d4 e6 3. g3 Nf6 4. Bg2 Be7 5. 0-0 0-0 6. c4 dxc4 7. Qa4 a6 8. Qxc4 b5 9. Qc2 Bb7 10. Bd2 Be4 11. Qc1 Nc6 12. Be3 b4 13. Nbd2 Bd5 14. Nc4 Ng4 15. Bf4 Nxd4 16. Nxd4 Bxg2 17. Nxe6 fxe6 18. Kxg2 Qd4 19. f3 Nf6 20. Rd1 Qc5 21. Ne5 Qb5 22. Qc4 Nd5 23. Bd2 c5 24. e4 Nc7 25. Qxb5 Nxb5 26. Nc6 Bf6 27. e5 Rfc8 28. Nxb4 cxb4 29. exf6 Rc2 30. Kh3 gxf6 31. Bxb4 Rxb2 32. Be7 Kf7 33. Rd7 Ra7 34. Rxa7 Nxa7 35. Bc5 Nc6 36. a3 Rc2 37. Bd6 Nd4 38. Rf1 e5 39. g4 Ne6 40. Kg3 Nf4 41. Rf2 Rc1 42. h4 Rh1 43. Rh2 Rg1+ 44. Kf2 Rc1 45. Bb4 Rc2+ 46. Kg3 Ne2+ 47. Kf2 Nd4+ 48. Kg3 Rxh2 49. Kxh2 Nxf3+ 50. Kg3 Nd4 51. Bc5 Ke6 52. Kf2 Kd5 53. Bf8 Nc6 54. Bg7 Ke6 55. Ke3 Nd8 56. Kd3 Kf7 57. Bh6 Kg6 58. Bf8 h5 59. gxh5+ Kf7 60. Bb4 Ne6 61. Kc4 Nf4 62. h6 Kg6 63. Be7 f5 64. Bd6 Kxh6 65. Bxe5 Ng6 66. Bg3 Kh5 67. Kc5 f4 68. Be1 Ne5 69. Kb6 f3 70. Bf2 Nc4+ 71. Kxa6 Nxa3 72. Ka5 Nc4+ 73. Kb4 Nd2 74. Kc3 Ne4+ 75. Kd3 Nxf2+ 76. Ke3 Kg4 77. Kxf2 1/2-1/2

[Event "Marianske Lazne op 13th"]
[Site "Marianske Lazne"]
[Date "2014.01.22"]
[Round "6"]
[White "Ivanovic, Miroslav"]
[Black "Strebkovs, Andrejs"]
[Result "1-0"]
[WhiteElo "2113"]
[BlackElo "2334"]
[PlyCount "105"]
[EventDate "2014.01.18"]
[EventType "swiss"]
[EventRounds "9"]
[EventCountry "CZE"]
[SourceTitle "CBM 158 Extra"]
[Source "ChessBase"]
[SourceDate "2014.02.28"]
[SourceVersion "1"]
[SourceVersionDate "2014.02.28"]
[SourceQuality "1"]

1. c4 g6 2. Nc3 c5 3. Nf3 Bg7 4. g3 Nc6 5. Bg2 d6 6. 0-0 e6 7. a3 Nge7 8. Rb1 a5 9. d3 0-0 10. Bg5 h6 11. Bd2 Kh7 12. Qc2 e5 13. Ne1 f5 14. Qd1 Be6 15. Nc2 d5 16. cxd5 Nxd5 17. Nxd5 Bxd5 18. b4 Bxg2 19. Kxg2 cxb4 20. axb4 a4 21. b5 Nd4 22. Nxd4 Qxd4 23. Rb4 Qd5+ 24. Kg1 a3 25. Bc3 Rfc8 26. Ba1 Bf8 27. e4 Qd7 28. Rc4 Qxb5 29. Qc2 Qd7 30. exf5 gxf5 31. Rb1 b5 32. Rxb5 Rxc4 33. dxc4 Rd8 34. Rd5 Qc8 35. Rxd8 Qxd8 36. Qxf5+ Kg8 37. Qe6+ Kh7 38. Qf7+ Bg7 39. Bxe5 Qf8 40. Qa7 Kg8 41. Bxg7 Qxg7 42. Qxa3 Qd4 43. Qa8+ Kg7 44. Qd5 Qc3 45. c5 Qc1+ 46. Kg2 Kg6 47. c6 h5 48. Qe6+ Kg7 49. Qd7+ Kf6 50. c7 h4 51. c8Q h3+ 52. Kxh3 Qf1+ 53. Kh4 1-0

[Event "Marianske Lazne op 12th"]
[Site "Marianske Lazne"]
[Date "2013.01.21"]
[Round "3"]
[White "Ivanovic, Miroslav"]
[Black "Zielinski, Olgierd"]
[Result "1/2-1/2"]
[WhiteElo "2088"]
[BlackElo "1894"]
[PlyCount "102"]
[EventDate "2013.01.19"]
[EventType "swiss"]
[EventRounds "9"]
[EventCountry "CZE"]
[SourceTitle "CBM 152 Extra"]
[Source "ChessBase"]
[SourceDate "2013.02.25"]
[SourceVersion "1"]
[SourceVersionDate "2013.02.25"]
[SourceQuality "1"]

1. c4 Nf6 2. Nc3 d5 3. cxd5 Nxd5 4. e4 Nb4 5. d3 c5 6. Be3 e5 7. Be2 Be7 8. Nf3 N8c6 9. a3 Na6 10. Rc1 0-0 11. 0-0 b6 12. Nd5 Bb7 13. Nd2 Nc7 14. Bf3 Ne6 15. Bg4 Ncd4 16. Nxe7+ Qxe7 17. Nc4 f6 18. f4 exf4 19. Bxf4 Nxf4 20. Rxf4 Rad8 21. Rf2 Bc8 22. Bxc8 Rxc8 23. Ne3 Qd7 24. Qh5 Rcd8 25. Nd5 Qf7 26. Qxf7+ Rxf7 27. b4 f5 28. bxc5 Nb3 29. Rcf1 Nxc5 30. Rxf5 Rxf5 31. Rxf5 Nxd3 32. Ne7+ Kh8 33. h4 g6 34. Rd5 Rxd5 35. exd5 Kg7 36. Nc8 Kf6 37. Nxa7 Ke5 38. Nc8 b5 39. Na7 b4 40. Nc6+ Kxd5 41. Nxb4+ Nxb4 42. axb4 Kc4 43. Kf2 Kxb4 44. Ke3 Kc5 45. Kf4 Kd6 46. Kg5 Ke6 47. Kh6 Kf5 48. Kxh7 Kg4 49. Kxg6 Kxh4 50. Kf5 Kg3 51. Kg5 Kxg2 1/2-1/2

[Event "SRB-chT2 Vojvodina League"]
[Site "Kac"]
[Date "2012.10.16"]
[Round "4"]
[White "Subotic, Srbislav"]
[Black "Ivanovic, Miroslav"]
[Result "1/2-1/2"]
[WhiteElo "2180"]
[BlackElo "2104"]
[PlyCount "160"]
[EventDate "2012.10.14"]
[EventType "team-swiss"]
[EventRounds "11"]
[EventCountry "SRB"]
[SourceTitle "EXT 2015"]
[Source "ChessBase"]
[SourceDate "2014.11.20"]
[SourceVersion "1"]
[SourceVersionDate "2014.11.20"]
[SourceQuality "1"]

1. e4 c5 2. Nc3 d6 3. g3 Nc6 4. Bg2 g6 5. d3 Bg7 6. f4 e6 7. Nf3 Nge7 8. 0-0 0-0 9. Be3 Nd4 10. Qd2 Rb8 11. Nd1 b6 12. c3 Nxf3+ 13. Bxf3 Ba6 14. Nf2 Qc7 15. Rfd1 Rbd8 16. d4 Bb7 17. Qe2 Rfe8 18. Nd3 f5 19. e5 Bxf3 20. Qxf3 c4 21. exd6 Rxd6 22. Ne1 Nd5 23. Bd2 Nf6 24. Qe2 Ne4 25. Nf3 Qc6 26. Be1 Bf6 27. Nd2 Rxd4 28. cxd4 Bxd4+ 29. Bf2 Nxf2 30. Nf3 Bc5 31. Rf1 Nd3+ 32. Kh1 e5 33. fxe5 Rxe5 34. Qg2 Re3 35. Rad1 Qe4 36. Rd2 Ne1 37. Nxe1 Rxe1 38. Rd1 Qxg2+ 39. Kxg2 Re2+ 40. Kh3 h5 41. Rd7 Kf8 42. Rxa7 Ke8 43. Rg7 Re6 44. Rd1 Be7 45. Rd4 Kf8 46. Rh7 Kg8 47. Rxe7 Rxe7 48. Rxc4 Re2 49. Rb4 g5 50. Rxb6 g4+ 51. Kh4 Rxh2+ 52. Kg5 h4 53. gxh4 g3 54. Rb3 Kh7 55. Rxg3 Rxb2 56. a3 Rb5 57. Rc3 Ra5 58. h5 f4+ 59. Kxf4 Rxh5 60. Rg3 Ra5 61. Ke4 Kh6 62. Kd4 Ra4+ 63. Kc5 Ra8 64. Kb5 Rb8+ 65. Kc4 Ra8 66. Kb3 Rb8+ 67. Ka2 Ra8 68. Rg4 Kh5 69. Rc4 Kg5 70. a4 Kf5 71. Ka3 Ke5 72. Kb4 Kd5 73. Rc5+ Kd6 74. Rc1 Rb8+ 75. Ka3 Ra8 76. Rc4 Kd5 77. Rc7 Kd6 78. Rb7 Kc6 79. Rb5 Kc7 80. a5 Rb8 1/2-1/2

[Event "SRB-chT2 Vojvodina League"]
[Site "Kac"]
[Date "2012.10.14"]
[Round "1"]
[White "Ivanovic, Miroslav"]
[Black "Jacimovic, Zoran"]
[Result "0-1"]
[WhiteElo "2104"]
[BlackElo "2168"]
[PlyCount "91"]
[EventDate "2012.10.14"]
[EventType "team-swiss"]
[EventRounds "11"]
[EventCountry "SRB"]
[SourceTitle "EXT 2015"]
[Source "ChessBase"]
[SourceDate "2014.11.20"]
[SourceVersion "1"]
[SourceVersionDate "2014.11.20"]
[SourceQuality "1"]

1. c4 c6 2. e4 d5 3. exd5 cxd5 4. d4 Nf6 5. Nc3 e6 6. Nf3 Be7 7. Bd3 dxc4 8. Bxc4 0-0 9. 0-0 Nc6 10. Re1 b6 11. d5 Na5 12. dxe6 Nxc4 13. exf7+ Kh8 14. Qe2 Bg4 15. Qxe7 Bxf3 16. gxf3 Qd3 17. Ne4 Qxf3 18. Nxf6 gxf6 19. Qe4 Ne5 20. Bf4 Qg4+ 21. Bg3 Qxe4 22. Rxe4 Ng6 23. h4 h5 24. Rd1 Rxf7 25. Rd5 f5 26. Re6 Rg8 27. Kf1 Kg7 28. Rdd6 Kh7 29. f3 Rgg7 30. Be1 Re7 31. Rf6 Ref7 32. Bc3 Rxf6 33. Bxf6 Rc7 34. Ke1 Ne7 35. Kd2 Nc8 36. Rd8 b5 37. Ke3 Kg6 38. Be5 Rc6 39. Kf4 Rc4+ 40. Bd4 a5 41. Ke5 Ne7 42. Rd6+ Kf7 43. Bb6 Ng6+ 44. Kxf5 Nxh4+ 45. Kg5 Nxf3+ 46. Kxh5 0-1

[Event "Marianske Lazne op 11th"]
[Site "Marianske Lazne"]
[Date "2012.01.23"]
[Round "3"]
[White "Sulc, Jiri"]
[Black "Ivanovic, Miroslav"]
[Result "1-0"]
[WhiteElo "1955"]
[BlackElo "2143"]
[PlyCount "90"]
[EventDate "2012.01.21"]
[EventType "swiss"]
[EventRounds "9"]
[EventCountry "CZE"]
[SourceTitle "CBM 146 Extra"]
[Source "ChessBase"]
[SourceDate "2012.02.29"]
[SourceVersion "1"]
[SourceVersionDate "2012.02.29"]
[SourceQuality "1"]

1. d4 e6 2. c4 f5 3. g3 Nf6 4. Bg2 d5 5. Nc3 c6 6. b3 Bb4 7. Bd2 Qe7 8. Nf3 0-0 9. 0-0 Nbd7 10. Qc1 b6 11. Ne5 Bb7 12. a3 Bd6 13. f4 Rac8 14. b4 Bb8 15. c5 Ba6 16. Re1 Nxe5 17. fxe5 Nd7 18. Nd1 Bc7 19. Nf2 Bc4 20. e4 bxc5 21. bxc5 Rb8 22. exf5 exf5 23. Rb1 Rfe8 24. Rxb8 Rxb8 25. Nd1 Nf8 26. Ne3 Bd3 27. Nxd5 cxd5 28. Bxd5+ Ne6 29. Qc3 Be4 30. Bxe4 fxe4 31. Rxe4 Qd7 32. Qc4 Rd8 33. Bc3 Qd5 34. Qe2 Rb8 35. Qc2 Rb3 36. Rh4 g6 37. Qc1 Qf3 38. Be1 g5 39. Rh6 Qd5 40. Rf6 Bd8 41. Qc2 Nf8 42. Rd6 Qf3 43. Rxd8 h6 44. Qg6+ Kh8 45. Qxh6+ Kg8 1-0

[Event "Marianske Lazne op 11th"]
[Site "Marianske Lazne"]
[Date "2012.01.21"]
[Round "1"]
[White "Kosek, Lubomir"]
[Black "Ivanovic, Miroslav"]
[Result "1/2-1/2"]
[WhiteElo "1795"]
[BlackElo "2143"]
[PlyCount "93"]
[EventDate "2012.01.21"]
[EventType "swiss"]
[EventRounds "9"]
[EventCountry "CZE"]
[SourceTitle "CBM 146 Extra"]
[Source "ChessBase"]
[SourceDate "2012.02.29"]
[SourceVersion "1"]
[SourceVersionDate "2012.02.29"]
[SourceQuality "1"]

1. e4 e6 2. d4 d5 3. Nc3 Nf6 4. e5 Nfd7 5. f4 c5 6. Nf3 Nc6 7. Be3 Qb6 8. Na4 Qa5+ 9. c3 cxd4 10. b4 Qc7 11. Nxd4 a6 12. Nb3 b6 13. Bd3 g6 14. 0-0 Bb7 15. Rc1 Be7 16. Qe2 0-0 17. Qf2 Bd8 18. h4 f6 19. Qg3 fxe5 20. fxe5 Qxe5 21. Rxf8+ Nxf8 22. Bf4 Qg7 23. Bd6 e5 24. Rf1 Bc7 25. Bxc7 Qxc7 26. Qf2 d4 27. Bc4+ Kh8 28. Qf6+ Qg7 29. Qxg7+ Kxg7 30. Rf7+ Kh6 31. Rxb7 b5 32. Bxb5 axb5 33. Nb6 Rxa2 34. cxd4 Nxd4 35. Nc5 Nfe6 36. Nd5 Nxc5 37. bxc5 Kh5 38. Rxh7+ Kg4 39. Rg7 Ne2+ 40. Kh2 Nf4 41. Nxf4 exf4 42. Rxg6+ Kxh4 43. Rh6+ Kg4 44. Rg6+ Kh5 45. Rb6 Rb2 46. c6 Rc2 47. Rxb5+ 1/2-1/2

[Event "Cesky Krumlov op 4th"]
[Site "Cesky Krumlov"]
[Date "2010.11.24"]
[Round "4"]
[White "Chudinovskih, Alexander N"]
[Black "Ivanovic, Miroslav"]
[Result "1-0"]
[WhiteElo "2280"]
[BlackElo "2174"]
[PlyCount "95"]
[EventDate "2010.11.21"]
[EventType "swiss"]
[EventRounds "9"]
[EventCountry "CZE"]
[SourceTitle "CBM 139 Extra"]
[Source "ChessBase"]
[SourceDate "2011.01.05"]
[SourceVersion "1"]
[SourceVersionDate "2011.01.05"]
[SourceQuality "1"]

1. e4 c5 2. Nf3 d6 3. Bb5+ Nd7 4. c3 Ngf6 5. Qe2 a6 6. Ba4 Qc7 7. Bc2 g6 8. d4 e5 9. 0-0 Bg7 10. dxc5 dxc5 11. a4 b6 12. Na3 0-0 13. Bg5 Bb7 14. Nc4 Rfe8 15. Rfd1 Re6 16. Rd2 b5 17. axb5 axb5 18. Rxa8+ Bxa8 19. Na3 b4 20. Nc4 Bc6 21. Qd1 h6 22. Bh4 bxc3 23. bxc3 Nb6 24. Nxb6 Qxb6 25. Bxf6 Bxf6 26. Bb3 Re7 27. Rd6 Kg7 28. h3 Qc7 29. Bc2 Qb7 30. Qd3 Re8 31. Qc4 Be7 32. Rd1 Bf8 33. Ba4 Re6 34. Bxc6 Qxc6 35. Rd5 f6 36. Nh4 Rd6 37. Qd3 Kf7 38. c4 Qa6 39. Kh2 Be7 40. Qg3 f5 41. exf5 Bxh4 42. fxg6+ Kg7 43. Qxh4 Rxd5 44. cxd5 c4 45. Qe7+ Kxg6 46. d6 c3 47. Qe6+ Kh7 48. Qf7+ 1-0

[Event "Cesky Krumlov op 4th"]
[Site "Cesky Krumlov"]
[Date "2010.11.23"]
[Round "3"]
[White "Ivanovic, Miroslav"]
[Black "Nemcova, Katerina"]
[Result "1-0"]
[WhiteElo "2174"]
[BlackElo "2287"]
[PlyCount "97"]
[EventDate "2010.11.21"]
[EventType "swiss"]
[EventRounds "9"]
[EventCountry "CZE"]
[SourceTitle "CBM 139 Extra"]
[Source "ChessBase"]
[SourceDate "2011.01.05"]
[SourceVersion "1"]
[SourceVersionDate "2011.01.05"]
[SourceQuality "1"]

1. c4 e5 2. g3 Nc6 3. Nc3 g6 4. Bg2 Bg7 5. d3 d6 6. Rb1 a5 7. a3 f5 8. b4 axb4 9. axb4 Nf6 10. b5 Ne7 11. Qb3 h6 12. Nf3 Be6 13. 0-0 0-0 14. Ba3 g5 15. Ra1 Qd7 16. Bb2 Rab8 17. Ra7 Kh8 18. Nd2 c6 19. bxc6 Nxc6 20. Ra2 g4 21. Qb6 Rfc8 22. Nd5 Qf7 23. e4 Qg6 24. Nxf6 Bxf6 25. exf5 Bxf5 26. Ne4 Bg7 27. Bc3 Qe6 28. Qb5 Rc7 29. Rfa1 Rcc8 30. Rb1 Rd8 31. Rab2 Qc8 32. Qd5 Ne7 33. Qf7 Qc7 34. Rb6 Bg6 35. Qe6 Bf5 36. Qf7 d5 37. cxd5 Rxd5 38. Bd2 Rf8 39. Qh5 Bg6 40. Rxg6 Nxg6 41. Qxg6 Qf7 42. Qxg4 Rxd3 43. Be3 Rfd8 44. h4 Qe7 45. Kh2 Qf7 46. Nc5 Rxe3 47. fxe3 h5 48. Qg5 Rd2 49. Rxb7 1-0

[Event "Vojvodina-chT 2nd League"]
[Site "Sombor"]
[Date "2010.10.13"]
[Round "5"]
[White "Jovic, Stevan"]
[Black "Ivanovic, Miroslav"]
[Result "1/2-1/2"]
[WhiteElo "2307"]
[BlackElo "2150"]
[PlyCount "69"]
[EventDate "2010.10.10"]
[EventType "team-tourn"]
[EventRounds "9"]
[EventCountry "YUG"]
[SourceTitle "CBM 138 Extra"]
[Source "ChessBase"]
[SourceDate "2010.10.29"]
[SourceVersion "1"]
[SourceVersionDate "2010.10.29"]
[SourceQuality "1"]

1. d4 Nf6 2. c4 e6 3. Nc3 Bb4 4. e3 c5 5. Nf3 Nc6 6. Bd2 0-0 7. a3 Bxc3 8. Bxc3 Ne4 9. Qc2 Nxc3 10. Qxc3 b6 11. b4 Qf6 12. Be2 cxd4 13. exd4 Bb7 14. 0-0 Rac8 15. Rfd1 Ne7 16. Rac1 Nd5 17. Qd2 Nf4 18. Qe3 Nxe2+ 19. Qxe2 Bxf3 20. Qxf3 Qxf3 21. gxf3 Rc7 22. Rc2 Rfc8 23. Rdc1 Kf8 24. Kf1 b5 25. c5 Rc6 26. Ke2 Ra6 27. Rc3 Rcc6 28. Kd2 Ra4 29. Kc2 a5 30. Rb3 axb4 31. axb4 Rca6 32. Rcb1 Ke7 33. Kd3 Kd8 34. Ke4 Kc7 35. Rg1 1/2-1/2

[Event "Vojvodina-chT"]
[Site "Sombor"]
[Date "2008.10.05"]
[Round "7"]
[White "Ivanovic, Miroslav"]
[Black "Strbac, Mladen"]
[Result "0-1"]
[WhiteElo "2168"]
[BlackElo "2300"]
[PlyCount "74"]
[EventDate "2008.10.01"]
[EventType "team-tourn"]
[EventRounds "11"]
[EventCountry "YUG"]
[SourceTitle "EXT 2010"]
[Source "ChessBase"]
[SourceDate "2010.11.25"]
[SourceVersion "1"]
[SourceVersionDate "2010.11.25"]
[SourceQuality "1"]

1. c4 f5 2. g3 Nf6 3. Bg2 g6 4. Nf3 Bg7 5. 0-0 0-0 6. Nc3 d6 7. d3 c6 8. e4 Nh5 9. exf5 Bxf5 10. h3 Nf6 11. d4 Na6 12. Re1 Re8 13. Bf4 Nb4 14. g4 Nd3 15. gxf5 Nxf4 16. fxg6 hxg6 17. Ne2 N6h5 18. Nxf4 Nxf4 19. Re4 Rf8 20. Ng5 e5 21. Qg4 Rf5 22. h4 d5 23. cxd5 cxd5 24. Rxe5 Bxe5 25. dxe5 Nxg2 26. Kxg2 Qb6 27. Rf1 Raf8 28. f4 Rc8 29. Rf2 d4 30. Kg3 Rc1 31. Qf3 Qc6 32. Ne4 Kg7 33. Qd3 Rf7 34. e6 Qxe6 35. Qxd4+ Kg8 36. Rd2 Rc4 37. f5 Qxe4 0-1

[Event "Vojvodina-chT"]
[Site "Sombor"]
[Date "2008.10.01"]
[Round "1"]
[White "Ivanovic, Miroslav"]
[Black "Dimitrijevic, Nenad"]
[Result "1-0"]
[WhiteElo "2168"]
[BlackElo "2151"]
[PlyCount "77"]
[EventDate "2008.10.01"]
[EventType "team-tourn"]
[EventRounds "11"]
[EventCountry "YUG"]
[SourceTitle "EXT 2010"]
[Source "ChessBase"]
[SourceDate "2010.11.25"]
[SourceVersion "1"]
[SourceVersionDate "2010.11.25"]
[SourceQuality "1"]

1. c4 e5 2. Nc3 Nf6 3. Nf3 d6 4. g3 Nbd7 5. Bg2 c6 6. 0-0 Be7 7. d4 a5 8. Nh4 exd4 9. Qxd4 Nc5 10. b3 0-0 11. Ba3 Qc7 12. Rad1 Re8 13. h3 Bf8 14. Qf4 Ne6 15. Qd2 Nc5 16. Qc2 Be6 17. e4 Rad8 18. f4 Qb6 19. Kh1 Bc8 20. g4 h6 21. g5 Nh5 22. Qf2 hxg5 23. fxg5 Qc7 24. g6 Nf6 25. Qf4 Qe7 26. Bxc5 dxc5 27. Rxd8 Rxd8 28. gxf7+ Qxf7 29. e5 Rd4 30. Ne4 Qc7 31. Ng6 Bxh3 32. exf6 Bxg2+ 33. Kxg2 Qxf4 34. Rxf4 gxf6 35. Nxf6+ Kg7 36. Rxd4 cxd4 37. Nxf8 Kxf6 38. Kf3 a4 39. Ke4 1-0